000 00500cam a2200205ua 4500
001 8036
008 150105n ii |||gr||||Z||||||hin
020 _a818583086X
040 _cMAIN
041 _ahin
082 _a004.76
100 _aBansal, R.,
_eAuthor.
245 1 _aComputer parichalan tattva
_cBy Ram Bansal
250 _a1st.
260 _aDelhi:
_bSatsahitya,
_c1998.
300 _a146p.
653 _aData processing & computer science
653 _aElements of computer
942 _cBK
999 _c7153
_d7153